000 00745nam a2200253Ia 4500
003 OSt
005 20220928121957.0
006 a|||||r|||| 00| 0
007 ta
008 220927b |||||||| |||| 00| 0 eng d
024 _a41347
037 _cTextual
040 _aSDCL
_cSDCL
_beng
041 _2eng
_aeng
082 _aV1:19g, P8
100 _aReus-Smit Christian Ed.
_9455228
245 0 _aOxford handbook of international relations
260 _aOxford
_bOxford University Press
_c2008
300 _axiii,772p
_ccm.
650 _aInternational Relations
_9432297
700 _a Snidal Duncan Ed.
_9455229
942 _hV1:19g, P8
_cTEXL
_2CC
999 _c768888
_d768888